<?xml version="1.0" encoding="UTF-8"?>
<record
    xmlns:xsi="http://www.w3.org/2001/XMLSchema-instance"
    xsi:schemaLocation="http://www.loc.gov/MARC21/slim http://www.loc.gov/standards/marcxml/schema/MARC21slim.xsd"
    xmlns="http://www.loc.gov/MARC21/slim">

  <leader>00367nam a2200133   4500</leader>
  <controlfield tag="001">2691</controlfield>
  <controlfield tag="005">20181127165521.0</controlfield>
  <datafield tag="090" ind1="0" ind2="0">
    <subfield code="a">519.5008658 T533t 2011</subfield>
  </datafield>
  <datafield tag="100" ind1="0" ind2="0">
    <subfield code="a">Thukral, J. K. </subfield>
  </datafield>
  <datafield tag="245" ind1="0" ind2="0">
    <subfield code="a">Taxmann's business statistics /</subfield>
    <subfield code="b"></subfield>
    <subfield code="c">Dr. J.K. Thukral</subfield>
    <subfield code="h"></subfield>
  </datafield>
  <datafield tag="250" ind1=" " ind2=" ">
    <subfield code="a">2nd ed.</subfield>
    <subfield code="b"></subfield>
  </datafield>
  <datafield tag="260" ind1="0" ind2="0">
    <subfield code="a">New Delhi :</subfield>
    <subfield code="b">Taxmann Publications, </subfield>
    <subfield code="c">[n.d.]</subfield>
  </datafield>
  <datafield tag="650" ind1="0" ind2="0">
    <subfield code="a">Commercial statistics.</subfield>
    <subfield code="x"></subfield>
  </datafield>
  <datafield tag="999" ind1=" " ind2=" ">
    <subfield code="c">2151</subfield>
    <subfield code="d">2151</subfield>
  </datafield>
  <datafield tag="952" ind1=" " ind2=" ">
    <subfield code="0">0</subfield>
    <subfield code="1">0</subfield>
    <subfield code="2">ddc</subfield>
    <subfield code="4">0</subfield>
    <subfield code="7">0</subfield>
    <subfield code="8">MAIN</subfield>
    <subfield code="a">RTCLIB</subfield>
    <subfield code="b">RTCLIB</subfield>
    <subfield code="c">MAIN</subfield>
    <subfield code="d">2021-11-15</subfield>
    <subfield code="h"> </subfield>
    <subfield code="i">4862</subfield>
    <subfield code="l">14</subfield>
    <subfield code="m">13</subfield>
    <subfield code="o">519.5008 THU</subfield>
    <subfield code="p">30000552</subfield>
    <subfield code="q">2026-06-02</subfield>
    <subfield code="r">2026-03-10 03:28:48</subfield>
    <subfield code="s">2026-03-10</subfield>
    <subfield code="t">2</subfield>
    <subfield code="w">2018-11-27</subfield>
    <subfield code="y">MAIN</subfield>
  </datafield>
  <datafield tag="952" ind1=" " ind2=" ">
    <subfield code="0">0</subfield>
    <subfield code="1">0</subfield>
    <subfield code="2">ddc</subfield>
    <subfield code="4">0</subfield>
    <subfield code="7">0</subfield>
    <subfield code="8">FAC RES</subfield>
    <subfield code="a">RTCLIB</subfield>
    <subfield code="b">RTCLIB</subfield>
    <subfield code="c">FAC RES</subfield>
    <subfield code="d">2021-03-24</subfield>
    <subfield code="h"> </subfield>
    <subfield code="i">4846</subfield>
    <subfield code="l">12</subfield>
    <subfield code="m">4</subfield>
    <subfield code="o">519.5008 THU</subfield>
    <subfield code="p">30002003</subfield>
    <subfield code="r">2025-12-05 00:00:00</subfield>
    <subfield code="s">2025-08-14</subfield>
    <subfield code="t">1</subfield>
    <subfield code="w">2018-11-27</subfield>
    <subfield code="y">FAC RES</subfield>
  </datafield>
</record>
